Terbang ke angkasa lepas

Bibliographic Details
Format: Book
Published: Kuala Lumpur : Dewan Bahasa Dan Pustaka , 1986
Series:Siri ensiklopedia tanya jawab
Subjects:

MARC

LEADER 00000cam a2200000 7i4500
001 0000035176
002 000038031
005 20060128.0
020 |a T000003965 
090 0 0 |a 030   |b TER 
245 0 0 |a Terbang ke angkasa lepas 
260 |a Kuala Lumpur :   |b Dewan Bahasa Dan Pustaka ,   |c 1986 
300 |a p.v :   |b ill ;   |c 25cm. 
490 0 |a Siri ensiklopedia tanya jawab 
650 0 0 |a Encyclopedias and dictionaries 
999 |a 0004016   |b BUKU   |c PINJAMAN   |e PERPUSTAKAAN KOMUNITI PETALING JAYA